| 000 | 00394nam a2200169 a 4500 | ||
|---|---|---|---|
| 005 | 20140414131925.0 | ||
| 008 | 101027s19uu xx 00 eng d | ||
| 050 |
_aER _bT14 2004 |
||
| 100 | _aBlyton, Enid | ||
| 245 | _aThe tale of Cluck and Clopper. | ||
| 260 |
_aLondon : _bAlligator, _c2004. |
||
| 650 |
_a _x |
||
| 650 |
_a _x |
||
| 650 |
_a _x |
||
| 650 |
_a _x |
||
| 999 |
_c111960 _d111960 |
||